[Event "CAN-ch w"]
[Site "Montreal CAN"]
[Date "2012.08.09"]
[Round "6"]
[White "Shi, Ling Yun"]
[Black "Roy, Myriam"]
[Result "0-1"]
[WhiteElo "1362"]
[BlackElo "1982"]
[PlyCount "128"]
[GameId "2160767909441616"]
[EventDate "2012.08.05"]
[EventType "swiss"]
[EventRounds "9"]
[EventCountry "CAN"]
[SourceTitle "EXT 2022"]
[Source "ChessBase"]
[SourceDate "2021.10.06"]
[SourceVersion "1"]
[SourceVersionDate "2021.10.06"]
[SourceQuality "1"]

1. e4 c5 2. Nf3 d6 3. Bb5+ Bd7 4. Bxd7+ Qxd7 5. O-O Nf6 6. Re1 Nc6 7. c3 g6 8. d3 Bg7 9. Nbd2 O-O 10. Nf1 b5 11. Rb1 a6 12. Ng3 Qc7 13. Bf4 e5 14. Bd2 Rfe8 15. Qc1 Rac8 16. b3 d5 17. Qc2 dxe4 18. dxe4 h6 19. Be3 Qe7 20. h3 Na5 21. Red1 c4 22. b4 Nb7 23. Rd2 Bf8 24. Nh2 Qe6 25. f3 Red8 26. Rbd1 Rxd2 27. Rxd2 a5 28. a3 axb4 29. axb4 Ra8 30. Qb2 h5 31. Ngf1 Ra4 32. Qc1 Qa6 33. Qe1 Ra3 34. Rd1 Kh7 35. Ng3 Ra2 36. Rd2 Ra1 37. Rd1 Rxd1 38. Qxd1 Qa3 39. Qc1 Qb3 40. Nhf1 Be7 41. Bg5 Nd8 42. Ne3 Ne6 43. Bxf6 Bxf6 44. Nd5 Bg5 45. Qa1 Nf4 46. Nxf4 Bxf4 47. Ne2 Be3+ 48. Kf1 Qc2 49. Qe1 Qd3 50. Qa1 Kg7 51. Qe1 f6 52. Qa1 g5 53. Qe1 Kh6 54. Qa1 Kg6 55. Qe1 Bd2 56. Qa1 g4 57. hxg4 hxg4 58. fxg4 Qxe4 59. Qd1 Qd3 60. Qa1 Kg5 61. Qd1 Kxg4 62. Qa1 f5 63. Qa6 Qb1+ 64. Kf2 Qe1# 0-1

[Event "CAN-ch w"]
[Site "Montreal CAN"]
[Date "2012.08.09"]
[Round "7"]
[White "Roy, Myriam"]
[Black "Khoudgarian, Natalia"]
[Result "1/2-1/2"]
[WhiteElo "1982"]
[BlackElo "2158"]
[PlyCount "28"]
[GameId "2160767909441617"]
[EventDate "2012.08.05"]
[EventType "swiss"]
[EventRounds "9"]
[EventCountry "CAN"]
[SourceTitle "EXT 2022"]
[Source "ChessBase"]
[SourceDate "2021.10.06"]
[SourceVersion "1"]
[SourceVersionDate "2021.10.06"]
[SourceQuality "1"]

1. e4 e6 2. d4 d5 3. Nc3 Bb4 4. e5 Bf8 5. f4 c5 6. Nf3 Nc6 7. Ne2 cxd4 8. Nexd4 Bc5 9. c3 Nge7 10. Bd3 Qb6 11. Bc2 Bd7 12. O-O Nf5 13. Bxf5 exf5 14. Kh1 Nxd4 1/2-1/2

[Event "CAN-ch w"]
[Site "Montreal CAN"]
[Date "2012.08.09"]
[Round "7"]
[White "Yun, Chang"]
[Black "Ma, Indy"]
[Result "1-0"]
[WhiteElo "1886"]
[BlackElo "1490"]
[PlyCount "117"]
[GameId "2160767909441618"]
[EventDate "2012.08.05"]
[EventType "swiss"]
[EventRounds "9"]
[EventCountry "CAN"]
[SourceTitle "hb 2012"]

1. e4 c5 2. Nf3 d6 3. Bb5+ Bd7 4. Bxd7+ Nxd7 5. O-O Ngf6 6. Re1 e6 7. c3 Be7 8. d4 cxd4 9. cxd4 O-O 10. Nc3 Rc8 11. h3 a6 12. Bf4 Nb6 13. Qe2 Rc4 14. Red1 Qc7 15. Rac1 Rc8 16. Qd3 h6 17. Nd2 Rc6 18. d5 exd5 19. exd5 Nbxd5 20. Nxd5 Nxd5 21. Rxc6 bxc6 22. Bg3 Qb7 23. Nb3 Qb5 24. Qe4 Re8 25. Bxd6 Nf6 26. Qe5 Bf8 27. Qxb5 axb5 28. Bxf8 Kxf8 29. Kf1 Ra8 30. a3 Ke8 31. Nd4 Rc8 32. Nf5 Kf8 33. Rc1 c5 34. Nd6 Rb8 35. Rxc5 b4 36. a4 Ne8 37. Nb5 b3 38. Ke2 Rd8 39. Rc4 Nf6 40. Rb4 Ra8 41. Nc3 Nd7 42. Rxb3 Nc5 43. Rb4 Ke7 44. Rd4 Ke6 45. Kd1 Nb3 46. Rb4 Rd8+ 47. Kc2 Nd4+ 48. Kb1 Nc6 49. Rb6 Kd7 50. b3 Kc7 51. Rb5 Rd2 52. Rf5 f6 53. Kc1 Rc2+ 54. Kxc2 Nd4+ 55. Kd3 Nxf5 56. b4 Kb6 57. a5+ Ka6 58. Kc4 Nd6+ 59. Kd5 1-0

[Event "CAN-ch w"]
[Site "Montreal CAN"]
[Date "2012.08.11"]
[Round "8"]
[White "Agbabishvili, Lali"]
[Black "Zhou, Qiyu"]
[Result "1-0"]
[WhiteElo "1925"]
[BlackElo "1836"]
[PlyCount "145"]
[GameId "2160767909441619"]
[EventDate "2012.08.05"]
[EventType "swiss"]
[EventRounds "9"]
[EventCountry "CAN"]
[SourceTitle "EXT 2022"]
[Source "ChessBase"]
[SourceDate "2021.10.06"]
[SourceVersion "1"]
[SourceVersionDate "2021.10.06"]
[SourceQuality "1"]

1. c4 e5 2. Nc3 Nf6 3. g3 d5 4. cxd5 Nxd5 5. Bg2 Nb6 6. Nf3 Nc6 7. a3 Be7 8. b4 a6 9. O-O O-O 10. d3 Be6 11. Bb2 f6 12. Ne4 Qd7 13. Nc5 Bxc5 14. bxc5 Nd5 15. e4 Nde7 16. d4 exd4 17. Nxd4 Nxd4 18. Qxd4 Rfd8 19. Qxd7 Rxd7 20. Rad1 Rad8 21. Rxd7 Rxd7 22. e5 fxe5 23. Bxb7 Bc4 24. Rc1 Bb5 25. Bg2 Ng6 26. h4 Be2 27. Bc3 Kf7 28. Re1 Bg4 29. Bf1 Kf6 30. Bxa6 Rd5 31. Bb4 Ne7 32. Bb7 c6 33. Ba6 Rd4 34. Bc3 Rd5 35. Bf1 Rxc5 36. Bb4 Rd5 37. Bg2 Rd8 38. Bc3 Rd1 39. Bxe5+ Kf7 40. Rxd1 Bxd1 41. Be4 g6 42. Bd6 Nd5 43. f3 Ba4 44. Kf2 Nc3 45. Bd3 Ke6 46. Bf8 Nd1+ 47. Ke1 Nb2 48. Be4 Bb5 49. h5 Kf7 50. Bd6 Ke6 51. hxg6 hxg6 52. Bf8 Kf7 53. Bh6 c5 54. Be3 c4 55. Kd2 Nd3 56. Bd4 g5 57. Bd5+ Kg6 58. Kc3 Ne1 59. Be4+ Kf7 60. Kb4 Ba6 61. a4 Nd3+ 62. Kc3 Ke6 63. Bc6 Ne5 64. Be4 Nd3 65. g4 Nf4 66. Kb4 Ne2 67. Be3 Kf6 68. Bd2 Nd4 69. Bc3 Ke5 70. Kc5 Kf4 71. Kxd4 Kg3 72. Bd2 Kh4 73. Bd5 1-0

[Event "CAN-ch w"]
[Site "Montreal CAN"]
[Date "2012.08.07"]
[Round "9"]
[White "Liu, Jiaxin (Dora)"]
[Black "Khoudgarian, Natalia"]
[Result "0-1"]
[WhiteElo "1666"]
[BlackElo "2158"]
[PlyCount "78"]
[GameId "2160767909441620"]
[EventDate "2012.08.05"]
[EventType "swiss"]
[EventRounds "9"]
[EventCountry "CAN"]

1. d4 f5 2. Nf3 Nf6 3. e3 e6 4. Bd3 d5 5. b3 Bd6 6. Bb2 O-O 7. Ne5 Nbd7 8. O-O Bxe5 9. dxe5 Ng4 10. c4 Ndxe5 11. cxd5 exd5 12. Be2 Qd6 13. Bxg4 Nxg4 14. f4 Qh6 15. Rf3 Qxh2+ 16. Kf1 Qh1+ 17. Ke2 Qxg2+ 18. Ke1 Qxb2 19. Qxd5+ Kh8 20. Qd4 Qxd4 21. exd4 b6 22. Rc3 Re8+ 23. Kd2 Re7 24. Na3 Ba6 25. Nc4 Rd8 26. Rd3 Nf2 27. Rf3 Bxc4 28. bxc4 Ne4+ 29. Kd3 Red7 30. d5 c6 31. Rc1 cxd5 32. cxd5 Rxd5+ 33. Ke2 Rc5 34. Rd1 Nc3+ 35. Rxc3 Rxd1 36. Rxc5 bxc5 37. Kxd1 h5 38. Ke2 h4 39. Kf3 c4 0-1

[Event "CAN-ch w"]
[Site "Montreal CAN"]
[Date "2012.08.11"]
[Round "9"]
[White "Roy, Myriam"]
[Black "Ma, Indy"]
[Result "1/2-1/2"]
[WhiteElo "1982"]
[BlackElo "1490"]
[PlyCount "73"]
[GameId "2160767909441621"]
[EventDate "2012.08.05"]
[EventType "swiss"]
[EventRounds "9"]
[EventCountry "CAN"]
[SourceTitle "EXT 2022"]
[Source "ChessBase"]
[SourceDate "2021.10.06"]
[SourceVersion "1"]
[SourceVersionDate "2021.10.06"]
[SourceQuality "1"]

1. e4 c5 2. Nf3 d6 3. d4 cxd4 4. Nxd4 Nf6 5. Nc3 a6 6. f4 Nbd7 7. Nf3 e5 8. a4 Be7 9. Bd3 O-O 10. O-O exf4 11. Bxf4 Qb6+ 12. Kh1 Qxb2 13. Qd2 Qb6 14. Rae1 Ng4 15. Nd5 Qd8 16. Qb4 Nc5 17. h3 Nf6 18. Nxe7+ Qxe7 19. e5 Nxd3 20. cxd3 Nd5 21. exd6 Nxb4 22. dxe7 Re8 23. Bd6 Nxd3 24. Rb1 a5 25. Nd4 Bd7 26. Rxb7 Bxa4 27. Rf3 Nb4 28. Rg3 h5 29. Nf5 g6 30. Be5 Nd5 31. Nh6+ Kh7 32. Nxf7 Rxe7 33. Ng5+ Kh6 34. Rxe7 Nxe7 35. h4 Nf5 36. Ra3 Bc6 37. Rc3 1/2-1/2

[Event "CAN-ch w"]
[Site "Montreal CAN"]
[Date "2012.08.11"]
[Round "9"]
[White "Zhou, Qiyu"]
[Black "Shi, Ling Yun"]
[Result "1-0"]
[WhiteElo "1836"]
[BlackElo "1362"]
[PlyCount "37"]
[GameId "2160767909441622"]
[EventDate "2012.08.05"]
[EventType "swiss"]
[EventRounds "9"]
[EventCountry "CAN"]
[SourceTitle "EXT 2022"]
[Source "ChessBase"]
[SourceDate "2021.10.06"]
[SourceVersion "1"]
[SourceVersionDate "2021.10.06"]
[SourceQuality "1"]

1. e4 c5 2. Nc3 Nc6 3. f4 d6 4. Nf3 g6 5. Bc4 Bg7 6. O-O e6 7. d3 Nge7 8. Qe1 O-O 9. f5 exf5 10. Qh4 h5 11. Bg5 Kh8 12. Nd5 f6 13. Nxf6 Bxf6 14. Bxf6+ Kh7 15. Ng5+ Kh6 16. Nf7+ Rxf7 17. Bxf7 Qf8 18. exf5 Bxf5 19. Rxf5 1-0

[Event "CAN-op"]
[Site "Victoria CAN"]
[Date "2012.07.08"]
[Round "1"]
[White "Babb, Jeff"]
[Black "Wu, Ruining (Ray)"]
[Result "1-0"]
[WhiteElo "2194"]
[BlackElo "1835"]
[PlyCount "149"]
[GameId "2160767909442486"]
[EventDate "2012.07.08"]
[EventType "swiss"]
[EventRounds "9"]
[EventCountry "CAN"]

1. f4 d5 2. e3 c5 3. Nf3 Nc6 4. b3 Nf6 5. Bb5 Bd7 6. Bb2 a6 7. Bxc6 Bxc6 8. Ne5 Qc7 9. O-O e6 10. Qf3 Nd7 11. Nxc6 Qxc6 12. c4 O-O-O 13. Nc3 Nf6 14. Rfd1 Kb8 15. d3 Be7 16. Rac1 Rd7 17. cxd5 exd5 18. Ne2 Rc8 19. Nd4 Qb6 20. Nf5 Bf8 21. g4 g6 22. Ng3 Ne8 23. Rc2 Bg7 24. Bxg7 Nxg7 25. f5 Qf6 26. Rdc1 Qd6 27. e4 Ne8 28. Qf2 d4 29. Ne2 Nf6 30. h3 g5 31. Qg3 Qxg3+ 32. Nxg3 Rdc7 33. Kf2 Nd7 34. Nf1 Ne5 35. Rd1 b5 36. Nh2 Kb7 37. Nf3 f6 38. Nxe5 fxe5 39. Rdc1 Kb6 40. a3 Rc6 41. Kg3 a5 42. h4 h6 43. a4 bxa4 44. bxa4 c4 45. dxc4 Kc5 46. Rb2 gxh4+ 47. Kf3 Rb6 48. Rb5+ Kc6 49. Rxe5 Rb3+ 50. Kf4 d3 51. Rd5 Kb6 52. c5+ Kc7 53. c6 Kb6 54. Rd6 d2 55. c7+ Kb7 56. Rxd2 Rxc7 57. Rxc7+ Kxc7 58. f6 Rb1 59. Rh2 Kd6 60. Rxh4 Rf1+ 61. Ke3 Rxf6 62. Rh5 Rg6 63. Kf4 Rf6+ 64. Rf5 Rg6 65. Rxa5 Ke7 66. Ra7+ Kf8 67. Kf5 Rg5+ 68. Kf4 Rc5 69. e5 Rc1 70. Kf5 Rf1+ 71. Ke6 Rf4 72. a5 Rxg4 73. a6 Rb4 74. Rb7 Ra4 75. a7 1-0

[Event "CAN-op"]
[Site "Victoria CAN"]
[Date "2012.07.08"]
[Round "1"]
[White "Bond, Robert"]
[Black "Hansen, Eric"]
[Result "0-1"]
[WhiteElo "2106"]
[BlackElo "2580"]
[PlyCount "62"]
[GameId "2160767909442487"]
[EventDate "2012.07.08"]
[EventType "swiss"]
[EventRounds "9"]
[EventCountry "CAN"]

1. d4 Nf6 2. Nf3 g6 3. h3 c5 4. e3 Bg7 5. Be2 O-O 6. O-O d5 7. c4 cxd4 8. exd4 Nc6 9. Nc3 b6 10. Be3 Bb7 11. Rc1 Rc8 12. b3 dxc4 13. Bxc4 Nb4 14. Qd2 Bxf3 15. gxf3 Qd7 16. Kg2 Nbd5 17. Ne4 Rfd8 18. a4 Nh5 19. Bb5 Qf5 20. Rh1 Nhf4+ 21. Kg3 Rxc1 22. Qxc1 Bh6 23. Qd2 Nxe3 24. fxe3 Nd5 25. Re1 Bxe3 26. Qd3 Qf4+ 27. Kg2 Qh4 28. Rxe3 Nf4+ 29. Kf1 Qxh3+ 30. Ke1 Nxd3+ 31. Rxd3 Qh4+ 0-1

[Event "CAN-op"]
[Site "Victoria CAN"]
[Date "2012.07.08"]
[Round "1"]
[White "Botez, Alexandra"]
[Black "Yam, Alex"]
[Result "0-1"]
[WhiteElo "2008"]
[BlackElo "2252"]
[PlyCount "102"]
[GameId "2160767909442488"]
[EventDate "2012.07.08"]
[EventType "swiss"]
[EventRounds "9"]
[EventCountry "CAN"]
[SourceTitle "CBM 149 Extra"]
[Source "ChessBase"]
[SourceDate "2012.08.24"]
[SourceVersion "1"]
[SourceVersionDate "2012.08.24"]
[SourceQuality "1"]

1. d4 Nf6 2. c4 e6 3. Nf3 c5 4. d5 d6 5. Nc3 exd5 6. cxd5 g6 7. Bf4 Bg7 8. h3 O-O 9. e3 Re8 10. Be2 Ne4 11. Nxe4 Rxe4 12. Rb1 Qa5+ 13. Qd2 Qxa2 14. O-O Bf5 15. Bd3 c4 16. Bc2 c3 17. Qd1 Rxf4 18. exf4 Bxc2 19. Qxc2 Na6 20. Qe4 Nc5 21. Qb4 cxb2 22. Rfd1 a5 23. Qb6 a4 24. Qxd6 Nd3 25. Qc7 Qb3 26. d6 a3 27. d7 Bf6 28. Qd6 Nc1 29. Re1 Qb5 30. Qxf6 Qxd7 31. Rbxc1 bxc1=Q 32. Rxc1 b5 33. Ne5 Qe6 34. Qxe6 fxe6 35. Nd3 Ra4 36. Kf1 b4 37. Nc5 Ra7 38. Nb3 a2 39. Ke2 Ra3 40. Na1 Kf7 41. Rc7+ Kf6 42. Kd2 h5 43. Rb7 Ra4 44. g3 h4 45. g4 Ra3 46. Rxb4 Rxh3 47. g5+ Kf5 48. Ke2 Rc3 49. f3 Rc1 50. Nb3 Rb1 51. Nd4+ Kxf4 0-1

[Event "CAN-op"]
[Site "Victoria CAN"]
[Date "2012.07.08"]
[Round "1"]
[White "Cannon, Farley"]
[Black "Milne, Arthur"]
[Result "1-0"]
[WhiteElo "1720"]
[BlackElo "1911"]
[PlyCount "66"]
[GameId "2160767909442489"]
[EventDate "2012.07.08"]
[EventType "swiss"]
[EventRounds "9"]
[EventCountry "CAN"]
[SourceTitle "EXT 2022"]
[Source "ChessBase"]
[SourceDate "2021.10.06"]
[SourceVersion "1"]
[SourceVersionDate "2021.10.06"]
[SourceQuality "1"]

1. e4 c5 2. d4 e6 3. Nf3 d5 4. e5 Qb6 5. c3 Bd7 6. Be2 Bb5 7. O-O Bxe2 8. Qxe2 Ne7 9. dxc5 Qxc5 10. Be3 Qc7 11. Na3 Nf5 12. Nb5 Qd8 13. Bxa7 Nc6 14. Be3 Be7 15. Rfd1 Nxe3 16. Qxe3 Qa5 17. Nbd4 O-O 18. a4 Rfc8 19. Nb5 Qa6 20. b4 Na7 21. Nfd4 Nxb5 22. Nxb5 Rc4 23. h3 Rac8 24. Rd4 h6 25. Qf3 Rxd4 26. Nxd4 Qc4 27. Nb5 Qb3 28. Qd1 Qc4 29. Qg4 Qb3 30. Qd4 Rc4 31. Qb6 Re4 32. Qxb7 Bf8 33. a5 Rxe5 1-0

[Event "CAN-op"]
[Site "Victoria CAN"]
[Date "2012.07.08"]
[Round "1"]
[White "Cao, Jason"]
[Black "Calugar, Arthur"]
[Result "1-0"]
[WhiteElo "2016"]
[BlackElo "2273"]
[PlyCount "107"]
[GameId "2160767909442490"]
[EventDate "2012.07.08"]
[EventType "swiss"]
[EventRounds "9"]
[EventCountry "CAN"]
[SourceTitle "CBM 149 Extra"]
[Source "ChessBase"]
[SourceDate "2012.08.24"]
[SourceVersion "1"]
[SourceVersionDate "2012.08.24"]
[SourceQuality "1"]

1. e4 c5 2. Nf3 e6 3. d4 cxd4 4. Nxd4 Nc6 5. Nc3 Qc7 6. Be2 a6 7. O-O Nf6 8. Be3 Bb4 9. Na4 Be7 10. Nxc6 bxc6 11. Nb6 Rb8 12. Nxc8 Qxc8 13. Bd4 c5 14. Be5 Rb6 15. b3 Nxe4 16. Bxg7 Rg8 17. Bb2 Rd6 18. Bd3 c4 19. bxc4 Ng5 20. Be5 Qb7 21. Kh1 Rb6 22. Qg4 f5 23. Qh5+ Nf7 24. f3 Rg5 25. Qxh7 Nxe5 26. Qh8+ Kf7 27. Qxe5 Bf6 28. Qe3 Qb8 29. Rad1 Rh5 30. f4 Qh8 31. h3 Bd4 32. Qg3 Rh6 33. Rb1 Bb2 34. Be2 Rb8 35. Rfd1 Ke8 36. Rd3 Rd8 37. Rbd1 Bf6 38. c5 Qf8 39. Qe3 Qf7 40. Bf3 Rb8 41. Rd6 Rc8 42. Rxd7 Be7 43. c6 Qf6 44. c7 Kf7 45. Bb7 Rhh8 46. Bxc8 Rxc8 47. Qf3 Qh8 48. Qa3 Qe8 49. Qxa6 Kf6 50. Qc6 Qf8 51. Re1 Qg8 52. Qc3+ Kf7 53. Qc5 Qf8 54. Qd6 1-0

[Event "CAN-op"]
[Site "Victoria CAN"]
[Date "2012.07.08"]
[Round "1"]
[White "Davies, Lucas"]
[Black "Roback, Joe"]
[Result "1-0"]
[WhiteElo "2174"]
[BlackElo "1953"]
[PlyCount "63"]
[GameId "2160767909442491"]
[EventDate "2012.07.08"]
[EventType "swiss"]
[EventRounds "9"]
[EventCountry "CAN"]
[SourceTitle "EXT 2014"]
[Source "ChessBase"]
[SourceDate "2013.11.20"]
[SourceVersion "1"]
[SourceVersionDate "2013.11.20"]
[SourceQuality "1"]

1. e4 c5 2. Nc3 a6 3. g3 g6 4. Bg2 Bg7 5. d3 Nc6 6. Be3 d6 7. Qd2 Bd7 8. Nge2 e6 9. Nd1 Nge7 10. Bh6 Bf6 11. O-O Qc7 12. c3 O-O-O 13. Ne3 Rhg8 14. Ng4 Bh8 15. Bg5 f5 16. Nf6 Rg7 17. Nxd7 Qxd7 18. b4 fxe4 19. dxe4 Rf7 20. Rab1 Ne5 21. f4 Nc4 22. Qd3 Na3 23. Rbd1 Qb5 24. Bh3 c4 25. Bxe6+ Kc7 26. Qd2 Rf6 27. Bxf6 Bxf6 28. Nd4 Qb6 29. Qf2 Re8 30. e5 Bg7 31. exd6+ Qxd6 32. Bf7 1-0

[Event "CAN-op"]
[Site "Victoria CAN"]
[Date "2012.07.08"]
[Round "1"]
[White "Ding, Jill"]
[Black "Dunn, Garth"]
[Result "1-0"]
[WhiteElo "1540"]
[BlackElo "1741"]
[PlyCount "101"]
[GameId "2160767909442492"]
[EventDate "2012.07.08"]
[EventType "swiss"]
[EventRounds "9"]
[EventCountry "CAN"]
[SourceTitle "EXT 2022"]
[Source "ChessBase"]
[SourceDate "2021.10.06"]
[SourceVersion "1"]
[SourceVersionDate "2021.10.06"]
[SourceQuality "1"]

1. e4 c5 2. c4 d6 3. Nc3 Nf6 4. g3 g6 5. Bg2 Bg7 6. Nge2 O-O 7. O-O Nc6 8. d3 Bd7 9. h3 a6 10. a4 e6 11. Be3 Qc7 12. Rb1 Rad8 13. Nf4 Qc8 14. Kh2 Qc7 15. Nce2 Bc8 16. Bh1 Nd7 17. Ng2 Nf6 18. f4 b6 19. Nh4 Ne7 20. g4 Ne8 21. Ng3 f5 22. Qe2 Bf6 23. Nf3 Bh8 24. Bd2 Ng7 25. Bc3 Bd7 26. b3 Rfe8 27. Bf6 Bc8 28. e5 Rf8 29. Rbd1 Ne8 30. Bxh8 Kxh8 31. exd6 Qxd6 32. Qe5+ Nf6 33. g5 Qxe5 34. Nxe5 Nd7 35. Rfe1 Nxe5 36. Rxe5 Rd4 37. Ne2 Rd6 38. d4 Rfd8 39. d5 Nc6 40. Re3 exd5 41. Bxd5 Nb4 42. Nc3 Nc2 43. Re2 Nd4 44. Rb2 Be6 45. b4 Bxd5 46. Nxd5 Re6 47. bxc5 bxc5 48. Rb7 Re2+ 49. Kg3 Rc2 50. Nf6 Ne2+ 51. Kh4 1-0

[Event "CAN-op"]
[Site "Victoria CAN"]
[Date "2012.07.08"]
[Round "1"]
[White "Fedorowicz, John"]
[Black "Daswani, Benedict"]
[Result "1-0"]
[WhiteElo "2440"]
[BlackElo "2031"]
[PlyCount "49"]
[GameId "2160767909442493"]
[EventDate "2012.07.08"]
[EventType "swiss"]
[EventRounds "9"]
[EventCountry "CAN"]
[SourceTitle "CBM 149 Extra"]
[Source "ChessBase"]
[SourceDate "2012.08.24"]
[SourceVersion "1"]
[SourceVersionDate "2012.08.24"]
[SourceQuality "1"]

1. d4 Nf6 2. Nf3 c5 3. d5 d6 4. c4 e5 5. Nc3 Be7 6. e4 O-O 7. h3 Ne8 8. Bd3 g6 9. g4 Ng7 10. Qe2 a6 11. a4 f5 12. gxf5 gxf5 13. Bh6 Rf6 14. Bxg7 Kxg7 15. exf5 Bxf5 16. Ng5 Rh6 17. Bxf5 Bxg5 18. Rg1 Kh8 19. Qg4 Bf6 20. Ne4 Nd7 21. O-O-O Rh4 22. Qg2 b5 23. Nxd6 Qf8 24. Be6 h6 25. Nf7+ 1-0

[Event "CAN-op"]
[Site "Victoria CAN"]
[Date "2012.07.08"]
[Round "1"]
[White "Fiedler, Brian"]
[Black "Zierk, Steven"]
[Result "0-1"]
[WhiteElo "2066"]
[BlackElo "2478"]
[PlyCount "88"]
[GameId "2160767909442494"]
[EventDate "2012.07.08"]
[EventType "swiss"]
[EventRounds "9"]
[EventCountry "CAN"]
[SourceTitle "CBM 149 Extra"]
[Source "ChessBase"]
[SourceDate "2012.08.24"]
[SourceVersion "1"]
[SourceVersionDate "2012.08.24"]
[SourceQuality "1"]

1. c4 c6 2. e4 d5 3. exd5 cxd5 4. d4 Nf6 5. Nc3 Nc6 6. Nf3 Bg4 7. cxd5 Nxd5 8. Qb3 Bxf3 9. gxf3 e6 10. Qxb7 Nxd4 11. Bb5+ Nxb5 12. Qc6+ Ke7 13. Qxb5 Qd7 14. Nxd5+ Qxd5 15. Qxd5 exd5 16. Be3 Ke6 17. O-O Be7 18. Rfe1 Kf5 19. Red1 Rhd8 20. Rac1 Rd7 21. Rc4 Bf6 22. Rc5 Rad8 23. b3 Be5 24. Ra5 d4 25. Bd2 Kf6 26. Rc1 Re8 27. Rcc5 g5 28. Kg2 h6 29. h3 Bf4 30. Rc6+ Re6 31. Rxe6+ fxe6 32. Bxf4 gxf4 33. Kf1 Rc7 34. Ke2 Rc2+ 35. Kd3 Rxf2 36. Kxd4 Rxf3 37. Ke4 Rf1 38. Rxa7 e5 39. Ra6+ Kg5 40. h4+ Kg4 41. Kxe5 Re1+ 42. Kf6 f3 43. Ra4+ Kg3 44. Kf5 f2 0-1

[Event "CAN-op"]
[Site "Victoria CAN"]
[Date "2012.07.08"]
[Round "1"]
[White "Finlay, Ian"]
[Black "Bragg, David"]
[Result "1/2-1/2"]
[WhiteElo "1792"]
[BlackElo "2165"]
[PlyCount "66"]
[GameId "2160767909442495"]
[EventDate "2012.07.08"]
[EventType "swiss"]
[EventRounds "9"]
[EventCountry "CAN"]
[SourceTitle "EXT 2014"]
[Source "ChessBase"]
[SourceDate "2013.11.20"]
[SourceVersion "1"]
[SourceVersionDate "2013.11.20"]
[SourceQuality "1"]

1. e4 c6 2. d3 d5 3. Nd2 g6 4. Ngf3 Bg7 5. g3 Nd7 6. Bg2 dxe4 7. dxe4 Nb6 8. O-O Bg4 9. Qe1 Nh6 10. Qe3 O-O 11. h3 Be6 12. Rb1 Bxa2 13. Ra1 Nc4 14. Qc5 Nxd2 15. Bxd2 Be6 16. Rxa7 Rxa7 17. Qxa7 Bc4 18. Re1 Ba6 19. Qc5 e6 20. Bc3 Bxc3 21. Qxc3 f6 22. Nd4 Re8 23. h4 e5 24. Qb3+ Nf7 25. Ne6 Qe7 26. Bh3 b5 27. f4 Bc8 28. f5 Bxe6 29. fxe6 Nd8 30. Qc3 Qd6 31. Rf1 Qd4+ 32. Qxd4 exd4 33. Rxf6 Kg7 1/2-1/2

[Event "CAN-op"]
[Site "Victoria CAN"]
[Date "2012.07.08"]
[Round "1"]
[White "Gates, David"]
[Black "Leblanc, Paul"]
[Result "0-1"]
[WhiteElo "1705"]
[BlackElo "1887"]
[PlyCount "80"]
[GameId "2160767909442497"]
[EventDate "2012.07.08"]
[EventType "swiss"]
[EventRounds "9"]
[EventCountry "CAN"]
[SourceTitle "EXT 2022"]
[Source "ChessBase"]
[SourceDate "2021.10.06"]
[SourceVersion "1"]
[SourceVersionDate "2021.10.06"]
[SourceQuality "1"]

1. e4 c6 2. d4 g6 3. Nf3 Bg7 4. Bd3 d5 5. e5 Nh6 6. Nbd2 O-O 7. Nf1 f6 8. h3 Nf7 9. Bf4 c5 10. c3 fxe5 11. Bxe5 Nxe5 12. dxe5 Nc6 13. Qe2 e6 14. O-O-O Qc7 15. Re1 c4 16. Bc2 b5 17. h4 b4 18. h5 bxc3 19. bxc3 Bh6+ 20. N3d2 g5 21. Ne3 Qa5 22. Nb1 Nxe5 23. Ng4 Nxg4 24. Qxg4 e5 25. Qg3 e4 26. Qe5 Rxf2 27. g4 Rxc2+ 28. Kxc2 Bxg4 29. a3 Bd7 30. Qf6 Qb6 31. Qxb6 axb6 32. Ref1 Bg7 33. Kd2 h6 34. Ke3 Bg4 35. Rf2 Rf8 36. Rhf1 Bxh5 37. Rxf8+ Bxf8 38. a4 Bc5+ 39. Kd2 e3+ 40. Ke1 Bg6 0-1

[Event "CAN-op"]
[Site "Victoria CAN"]
[Date "2012.07.08"]
[Round "1"]
[White "Hannan, Kelsey"]
[Black "Remillard, John"]
[Result "1-0"]
[WhiteElo "1749"]
[BlackElo "1612"]
[PlyCount "65"]
[GameId "2160767909442498"]
[EventDate "2012.07.08"]
[EventType "swiss"]
[EventRounds "9"]
[EventCountry "CAN"]
[SourceTitle "EXT 2022"]
[Source "ChessBase"]
[SourceDate "2021.10.06"]
[SourceVersion "1"]
[SourceVersionDate "2021.10.06"]
[SourceQuality "1"]

1. d4 d5 2. c4 dxc4 3. Nf3 Nf6 4. e3 b5 5. a4 c6 6. b3 cxb3 7. axb5 cxb5 8. Qxb3 Bd7 9. Nc3 b4 10. Qxb4 e5 11. Qb3 exd4 12. Bc4 Be7 13. Bxf7+ Kf8 14. Nxd4 Nc6 15. Ne6+ Bxe6 16. Bxe6 Rb8 17. Qa4 Qd6 18. Bh3 a5 19. O-O Kf7 20. Qc4+ Kg6 21. Ne4 Qd5 22. Qxd5 Nxd5 23. Bd2 Bb4 24. Rfd1 Rhe8 25. Bxb4 Rxe4 26. Bxa5 Nxa5 27. Rxd5 Reb4 28. g3 Rb1+ 29. Rxb1 Rxb1+ 30. Kg2 Ra1 31. Rf5 Nc4 32. Rf4 Re1 33. Bf5+ 1-0

[Event "CAN-op"]
[Site "Victoria CAN"]
[Date "2012.07.08"]
[Round "1"]
[White "Inkpen, Wane"]
[Black "Aquino, Manfrei"]
[Result "0-1"]
[WhiteElo "1684"]
[BlackElo "1827"]
[PlyCount "80"]
[GameId "2160767909442499"]
[EventDate "2012.07.08"]
[EventType "swiss"]
[EventRounds "9"]
[EventCountry "CAN"]
[SourceTitle "EXT 2022"]
[Source "ChessBase"]
[SourceDate "2021.10.06"]
[SourceVersion "1"]
[SourceVersionDate "2021.10.06"]
[SourceQuality "1"]

1. b3 d5 2. Bb2 c5 3. e3 a6 4. Nf3 Nc6 5. d4 cxd4 6. exd4 Bg4 7. Be2 Nf6 8. O-O e6 9. Ne5 Bf5 10. Nxc6 bxc6 11. Bd3 Bg6 12. Nc3 Bd6 13. Qe2 Bxd3 14. cxd3 Qc7 15. g3 h5 16. h4 Bxg3 17. fxg3 Qxg3+ 18. Qg2 Qxh4 19. Qf2 Qg4+ 20. Kh2 Qg6 21. Qf3 Ng4+ 22. Kh3 Nh6 23. Rg1 Qf5+ 24. Qxf5 Nxf5 25. Ne2 f6 26. Nf4 Kf7 27. Rge1 Rae8 28. Rac1 g5 29. Nxe6 g4+ 30. Kg2 Rxe6 31. Rxe6 Kxe6 32. Rxc6+ Kf7 33. Bc1 h4 34. Bf4 h3+ 35. Kh2 g3+ 36. Bxg3 Nxg3 37. Rc1 Ne2 38. Rc6 Nxd4 39. Rxa6 Nf3+ 40. Kh1 Rg8 0-1

[Event "CAN-op"]
[Site "Victoria CAN"]
[Date "2012.07.08"]
[Round "1"]
[White "Itkin, Victor"]
[Black "Richardson, Ross"]
[Result "1/2-1/2"]
[WhiteElo "1719"]
[BlackElo "1956"]
[PlyCount "44"]
[GameId "2160767909442500"]
[EventDate "2012.07.08"]
[EventType "swiss"]
[EventRounds "9"]
[EventCountry "CAN"]
[SourceTitle "EXT 2022"]
[Source "ChessBase"]
[SourceDate "2021.10.06"]
[SourceVersion "1"]
[SourceVersionDate "2021.10.06"]
[SourceQuality "1"]

1. e4 c5 2. Nf3 e6 3. d4 cxd4 4. Nxd4 a6 5. Bd3 Qc7 6. O-O Nf6 7. Re1 d6 8. f4 Nbd7 9. Nc3 Be7 10. Bf1 b5 11. Qe2 Bb7 12. Kh1 b4 13. e5 bxc3 14. exf6 Nxf6 15. bxc3 Bc8 16. Qf3 Rb8 17. Qc6+ Qxc6 18. Nxc6 Rb6 19. Nxe7 Kxe7 20. c4 Bd7 21. Ba3 Rc8 22. Rad1 h5 1/2-1/2